BIBLIOTECA “JULIO CORTÁZAR”
ESCUELA AGROTÉCNICA “LIBERTADOR GENERAL SAN MARTÍN” - UNR – CASILDA

Logo Escuela Logo UNR

Biología / (Record no. 738)

MARC details
000 -LEADER
campo de control de longitud fija 01334nam#a22004455a#4500
001 - NÚMERO DE CONTROL
campo de control 738
008 - DATOS DE LONGITUD FIJA--INFORMACIÓN GENERAL
campo de control de longitud fija 080825s1993####ag#a###d#f####001#0dspa#d
020 ## - NÚMERO INTERNACIONAL ESTÁNDAR DEL LIBRO
Número Internacional Estándar del Libro 9501662039
080 ## - NÚMERO DE LA CLASIFICACIÓN DECIMAL UNIVERSAL
Número de la Clasificación Decimal Universal 573.6
084 ## - OTRO NÚMERO DE CLASIFICACIÓN
Número de clasificación D76 L26
040 ## - FUENTE DE CATALOGACIÓN
Centro catalogador/agencia de origen AR-ClEAG
Centro/agencia transcriptor AR-ClEAG
005 - FECHA Y HORA DE LA ÚLTIMA TRANSACCIÓN
campo de control 20241107184645.0
003 - IDENTIFICADOR DE NÚMERO DE CONTROL
campo de control AR-ClEAG
100 1# - ENTRADA PRINCIPAL--NOMBRE DE PERSONA
Nombre de persona Dos Santos Lara, José Angel.
245 10 - MENCIÓN DEL TÍTULO
Título Biología /
Mención de responsabilidad, etc. José Angel Dos Santos Lara.
250 ## - MENCION DE EDICION
Mención de edición 21ª ed.
260 ## - PUBLICACIÓN, DISTRIBUCIÓN, ETC.
Lugar de publicación, distribución, etc. Buenos Aires :
Nombre del editor, distribuidor, etc. Troquel,
Fecha de publicación, distribución, etc. 1993.
300 ## - DESCRIPCIÓN FÍSICA
Extensión 259 p. :
Otras características físicas il. ;
Dimensiones 19 cm.
500 ## - NOTA GENERAL
Nota general Dirigido a alumnos de primer año de Escuelas de Educación Técnica.
653 ## - TÉRMINO DE INDIZACIÓN--NO CONTROLADO
Término no controlado Origen de la vida
653 ## - TÉRMINO DE INDIZACIÓN--NO CONTROLADO
Término no controlado Metabolismo
653 ## - TÉRMINO DE INDIZACIÓN--NO CONTROLADO
Término no controlado Reproducción celular
653 ## - TÉRMINO DE INDIZACIÓN--NO CONTROLADO
Término no controlado Teoría celular
653 ## - TÉRMINO DE INDIZACIÓN--NO CONTROLADO
Término no controlado Partes de la célula
653 ## - TÉRMINO DE INDIZACIÓN--NO CONTROLADO
Término no controlado Reproducción celular
653 ## - TÉRMINO DE INDIZACIÓN--NO CONTROLADO
Término no controlado Fisiología celular
653 ## - TÉRMINO DE INDIZACIÓN--NO CONTROLADO
Término no controlado Ciclo de la energía
653 ## - TÉRMINO DE INDIZACIÓN--NO CONTROLADO
Término no controlado Fotosíntesis
653 ## - TÉRMINO DE INDIZACIÓN--NO CONTROLADO
Término no controlado Transporte de materia y energía
653 ## - TÉRMINO DE INDIZACIÓN--NO CONTROLADO
Término no controlado Reproducción y desarrollo de las plantas superiores
653 ## - TÉRMINO DE INDIZACIÓN--NO CONTROLADO
Término no controlado Evolución y herencia
653 ## - TÉRMINO DE INDIZACIÓN--NO CONTROLADO
Término no controlado Clasificación de los vegetales
653 ## - TÉRMINO DE INDIZACIÓN--NO CONTROLADO
Término no controlado Reino animal y clasificaciones
653 ## - TÉRMINO DE INDIZACIÓN--NO CONTROLADO
Término no controlado Aplicaciones de la flora
653 ## - TÉRMINO DE INDIZACIÓN--NO CONTROLADO
Término no controlado Ganado vacuno
653 ## - TÉRMINO DE INDIZACIÓN--NO CONTROLADO
Término no controlado Ganado caballar
653 ## - TÉRMINO DE INDIZACIÓN--NO CONTROLADO
Término no controlado Ganado asnal
653 ## - TÉRMINO DE INDIZACIÓN--NO CONTROLADO
Término no controlado Ganado porcino y caprino
942 ## - ELEMENTOS DE ENTRADA SECUNDARIOS (KOHA)
Tipo de ítem Koha Libros
980 ## - EQUIVALENCIA O REFERENCIA-CRUZADA-MENCIÓN DE SERIE--NOMBRE DE PERSONA/TÍTULO [LOCAL, CANADÁ]
Enlace 2
Nombre de persona Evangelina Gallicchio
Enlace entre campo y número de secuencia 2
Información miscelánea Evangelina Gallicchio
Holdings
Estatus retirado Estado de pérdida Fuente del sistema de clasificación o colocación Estado de daño No para préstamo Biblioteca de origen Biblioteca actual Ubicación en estantería Fecha de adquisición Número de inventario Total de préstamos Signatura topográfica completa Código de barras Visto por última vez Precio de reemplazo Tipo de ítem Koha
    Clasificación decimal universal     Julio Cortázar Julio Cortázar   07/11/2024 381   R07 0381 D76 L26 1 Ej.1 381 07/11/2024 07/11/2024 Libros

Contacto

Biblioteca Julio Cortázar. Escuela Agrotécnica "Libertador San Martín". Universidad Nacional de Rosario
Dirección: Ov. Lagos 1000 - 2170 Casilda - Santa Fe - Argentina
Tel: (54) (03464) 422226.
Fax: (54) (03464) 427789.
E-Mail: biblio-eac@unr.edu.ar